Statistics for Countries with two Colours in their Flags

Click here to take the quiz!

General Stats

  • This quiz has been taken 55 times
    (17 since last reset)
  • The average score is 25 of 36

Answer Stats

Country% Correct
Sweden
94%
Japan
94%
Turkey
88%
People's Republic of China
88%
Denmark
88%
Finland
88%
Austria
88%
Latvia
81%
Canada
81%
Greece
81%
Poland
81%
Indonesia
81%
Albania
75%
Singapore
75%
Morocco
75%
Vietnam
75%
Bangladesh
75%
Saudi Arabia
69%
Monaco
69%
Qatar
69%
Switzerland
69%
Tunisia
63%
Israel
63%
Ukraine
63%
Pakistan
63%
Palau
63%
Honduras
63%
Kazakhstan
56%
Republic of Macedonia
56%
Georgia
56%
Bahrain
56%
Kyrgyzstan
50%
Tonga
50%
Federated States of Micronesia
50%
Somalia
44%
Nigeria
44%

Score Distribution

Percentile by Number Answered

Percent of People with Each Score

Your Score History

You have not taken this quiz since the last reset